000 00427nam a2200181Ia 4500
001 8217
005 20260306160553.0
008 260306t1978||||xx |||||||||||||| ||spa||
041 _aESP
082 _a370.15
_bM86
100 _aEson, Morris E.
_eAUT
245 0 _aBases psicológicas de la educación
260 _c1978
300 _a403 páginas :
_c25 cm.
650 _aGEN
654 _aCED
942 _cLIB
_dJUS
_fJUS
_2ddc
_n
999 _c8217
_d8217